| 000 | 00385nam a22001457a 4500 | ||
|---|---|---|---|
| 020 | _qHB. | ||
| 040 | _cFIZZA ISHAQ | ||
| 082 |
_a910.285 _bKAN |
||
| 100 |
_aCHANG,TSUNG KANG. _991217 |
||
| 245 |
_aINTRODUCTION TO GEOGRAPHIC INFORMATION SYSTEMS / _cKANG TSUNG CHANG. |
||
| 250 | _a8TH EDITION. | ||
| 260 |
_aNEW YORK ; _bMC GRAW HII, _c2014. |
||
| 300 | _a429 P. ; | ||
| 942 |
_2ddc _cBK |
||
| 999 |
_c593450 _d593450 |
||